000 nam a22 7a 4500
999 _c234870
_d234870
003 Nust
005 20170331124519.0
008 170331b xxu||||| |||| 00| 0 eng d
020 _a9788120339859
040 _cDLC
082 _a526.9 SAI
100 _4Saikia, Mimi Das
245 _aSurveying
942 _2ddc
_cBK